00535nam a2200157Ia 450000500170000000800410001704100080005808200160006610000380008224500350012026000430015530000090019865000200020799900190022795201310024620250729165750.0250729s2016 xx 000 0 und d aeng a420.25 SANL aDr Santhosh Areekkuzhiyil9232451 aLanguage across the curriculum aNew DelhibNeelkamal Publicationc2016 a130p aEnglish9232452 c239789d239789 00104070aALbALd2025-07-29eManagement Bookg195.00l0o420.25 SANLpBED05108r2025-07-29 16:57:50v195.00w2025-07-29yBK